000 00785cam a22002653a 4500
001 6627
003 PGUSA
005 20140828083135.0
008 041001s2004||||xxu|||||s|||||000 1 eng d
040 _aPGUSA
_beng
042 _adc
050 4 _aPS
100 1 _aRoe, Edward Payson,
_d1838-1888
245 1 0 _aBarriers Burned Away
_h[electronic resource] /
_cEdward Payson Roe
260 _bProject Gutenberg,
_c2004
506 _aPublic domain in the USA.
516 _aElectronic text
653 _aGreat Fire, Chicago, Ill., 1871 -- Fiction
653 _aHistorical fiction
653 _aChicago (Ill.) -- History -- To 1875 -- Fiction
653 _aFires -- Fiction
830 0 _aProject Gutenberg
_v6627
856 4 0 _uhttp://www.gutenberg.org/ebooks/6627
942 _cEB
999 _c235947
_d235947